| 000 | 00450nam a22001697a 4500 | ||
|---|---|---|---|
| 003 | NUST - PNEC | ||
| 005 | 20170116180935.0 | ||
| 008 | 150906b xxu||||| |||| 00| 0 eng d | ||
| 020 | _a0135367158 | ||
| 040 | _cLIBRARY | ||
| 082 | _a621.3192 MAD | ||
| 100 |
_98482 _aMadhu, Swaminathan |
||
| 245 |
_aLinear circuit analysis _cS. Madhu and R. Unnikrishnan |
||
| 260 | _cc.1988 | ||
| 650 |
_98488 _aElectric circuits, Linear _yEE |
||
| 942 |
_2ddc _cBK |
||
| 999 |
_c66025 _d66025 |
||